[Event "I Festival de Ajedrez "Villa de Javea""]
[Site "Javea"]
[Date "1992.03.11"]
[Round "1.1"]
[White "Franco Ocampos, Zenon"]
[Black "Bevia Martinez, Luis"]
[Result "1-0"]
[WhiteElo "2520"]
[BlackElo "2255"]
[PlyCount "65"]
[EventDate "1992.03.??"]
[EventType "tourn"]
[EventRounds "11"]
[EventCountry "ESP"]
[EventCategory "4"]

1. d4 Nf6 2. Nf3 e6 3. c4 c5 4. d5 b5 5. Bg5 Qa5+ 6. Nbd2 bxc4 7. Bxf6 gxf6 8.
e4 e5 9. Bxc4 d6 10. O-O Bh6 11. Be2 f5 12. Nc4 Qd8 13. exf5 Bxf5 14. Bd3 Bg6
15. Qb3 Ke7 16. Nfxe5 dxe5 17. d6+ Kf6 18. Bxg6 hxg6 19. Qf3+ Kg7 20. Qxa8 Qh4
21. f4 Bxf4 22. h3 Nd7 23. Qf3 Nf6 24. Rad1 g5 25. Ne3 Kg6 26. Nd5 Nxd5 27.
Rxd5 g4 28. Qd3+ Kg7 29. d7 gxh3 30. g3 Qg4 31. d8=Q Rxd8 32. Rxd8 c4 33. Rxf4
1-0

[Event "I Festival de Ajedrez "Villa de Javea""]
[Site "Javea"]
[Date "1992.03.11"]
[Round "1.3"]
[White "Vassallo Barroche, Mauricio"]
[Black "Caruana Font de Mora, Rafael"]
[Result "1-0"]
[WhiteElo "2290"]
[BlackElo "2345"]
[PlyCount "53"]
[EventDate "1992.03.??"]
[EventType "tourn"]
[EventRounds "11"]
[EventCountry "ESP"]
[EventCategory "4"]
[SourceDate "2001.01.01"]

1. Nf3 Nf6 2. g3 b6 3. Bg2 Bb7 4. O-O c5 5. c4 e6 6. Nc3 Be7 7. Re1 d6 8. e4
Nbd7 9. d4 cxd4 10. Nxd4 Qb8 11. Nd5 Nxd5 12. exd5 O-O 13. dxe6 Ne5 14. Bxb7
Qxb7 15. b3 fxe6 16. f4 Rad8 17. Qe2 Nc6 18. Nxe6 Bf6 19. Nxd8 Rxd8 20. Qe6+
Kf8 21. Ba3 Bd4+ 22. Kg2 Bc5 23. Qf5+ Kg8 24. Qd5+ Kh8 25. Bb2 Qc8 26. a3 Ne5
27. fxe5 1-0

[Event "I Festival de Ajedrez "Villa de Javea""]
[Site "Javea"]
[Date "1992.03.11"]
[Round "1.5"]
[White "Garcia Trobat, Francisco"]
[Black "Sanchez Guirado, Francisco Javier"]
[Result "0-1"]
[WhiteElo "2305"]
[BlackElo "2340"]
[PlyCount "105"]
[EventDate "1992.03.??"]
[EventType "tourn"]
[EventRounds "11"]
[EventCountry "ESP"]
[EventCategory "4"]

1. e4 c6 2. d4 d5 3. Nc3 dxe4 4. Nxe4 Nf6 5. Nxf6+ gxf6 6. Nf3 Bf5 7. g3 h5 8.
Bg2 Be4 9. O-O Qd5 10. c4 Bxf3 11. Qb3 Qd7 12. Bxf3 h4 13. Bf4 Bh6 14. Bxh6
Rxh6 15. Qe3 Rg6 16. b4 hxg3 17. hxg3 Na6 18. Rab1 Nc7 19. Rfd1 Kf8 20. a4 a6
21. Kg2 Kg7 22. Rh1 Rg8 23. Bh5 Rg5 24. f4 Rf5 25. Rbe1 Kf8 26. Bxf7 Rg7 27.
Bh5 b5 28. axb5 axb5 29. Be2 bxc4 30. Rh8+ Rg8 31. Rxg8+ Kxg8 32. Bxc4+ Kf8 33.
Rh1 Nd5 34. Qe4 Qd6 35. Rh8+ Kg7 36. Rh4 e6 37. Qf3 Kf8 38. Bd3 Qxb4 39. Bxf5
exf5 40. Rh8+ Kg7 41. Re8 Qxd4 42. Qh5 Qb2+ 43. Kh3 Qb1 44. Kh2 Qc2+ 45. Re2
Qd3 46. Rb2 Qe4 47. Re2 Ne3 48. Kg1 Qd4 49. Qf3 Qd1+ 50. Kh2 Ng4+ 51. Kh3 Kg6
52. Re3 Nxe3 53. Qxe3 0-1

[Event "I Festival de Ajedrez "Villa de Javea""]
[Site "Javea"]
[Date "1992.03.11"]
[Round "1.6"]
[White "Anguix Garrido, Juan Francisco"]
[Black "Garcia Fernandez, Carlos"]
[Result "1-0"]
[WhiteElo "2300"]
[BlackElo "2390"]
[PlyCount "33"]
[EventDate "1992.03.??"]
[EventType "tourn"]
[EventRounds "11"]
[EventCountry "ESP"]
[EventCategory "4"]

1. d4 Nf6 2. Nf3 g6 3. Nc3 Bg7 4. e4 d6 5. Be2 c6 6. O-O O-O 7. Re1 b5 8. e5
dxe5 9. Nxe5 b4 10. Na4 Nfd7 11. Nxd7 Nxd7 12. Bf3 Bb7 13. a3 a5 14. Bg5 Bf6
15. Bxf6 Nxf6 16. Nc5 Qc7 17. Qd2 1-0

[Event "I Festival de Ajedrez "Villa de Javea""]
[Site "Javea"]
[Date "1992.03.12"]
[Round "2.2"]
[White "Sanchez Guirado, Francisco Javier"]
[Black "Anguix Garrido, Juan Francisco"]
[Result "1/2-1/2"]
[WhiteElo "2340"]
[BlackElo "2300"]
[PlyCount "44"]
[EventDate "1992.03.??"]
[EventType "tourn"]
[EventRounds "11"]
[EventCountry "ESP"]
[EventCategory "4"]

1. Nf3 d6 2. d4 Bg4 3. c4 Bxf3 4. gxf3 c6 5. Nc3 g6 6. Bh3 Bg7 7. Qb3 Qc7 8. d5
Nd7 9. Bf4 Ngf6 10. Rc1 O-O 11. O-O Nh5 12. Bd2 Ne5 13. Ne4 c5 14. Qa4 a6 15.
Qc2 b5 16. b3 Rfb8 17. a4 bxa4 18. bxa4 Rb2 19. Qd1 Rab8 20. a5 Qb7 21. f4 Nd7
22. Nc3 Nhf6 1/2-1/2

[Event "I Festival de Ajedrez "Villa de Javea""]
[Site "Javea"]
[Date "1992.03.12"]
[Round "2.3"]
[White "Hoffman, Alejandro"]
[Black "Garcia Trobat, Francisco"]
[Result "1-0"]
[WhiteElo "2445"]
[BlackElo "2305"]
[PlyCount "29"]
[EventDate "1992.03.??"]
[EventType "tourn"]
[EventRounds "11"]
[EventCountry "ESP"]
[EventCategory "4"]
[SourceDate "2001.01.01"]

1. d4 Nf6 2. Nf3 e6 3. Bg5 h6 4. Bxf6 Qxf6 5. e4 d6 6. Nc3 Nd7 7. Qd2 g5 8. Nb5
Qd8 9. Qc3 c6 10. d5 cxb5 11. dxe6 Ne5 12. Bxb5+ Ke7 13. Nxe5 dxe5 14. Rd1 Qb6
15. Qa3+ 1-0

[Event "I Festival de Ajedrez "Villa de Javea""]
[Site "Javea"]
[Date "1992.03.12"]
[Round "2.4"]
[White "Caruana Font de Mora, Rafael"]
[Black "Eslon, Jaan"]
[Result "0-1"]
[WhiteElo "2345"]
[BlackElo "2420"]
[PlyCount "32"]
[EventDate "1992.03.??"]
[EventType "tourn"]
[EventRounds "11"]
[EventCountry "ESP"]
[EventCategory "4"]

1. c4 e5 2. Nc3 d6 3. d4 exd4 4. Qxd4 Nf6 5. g3 Nc6 6. Qd2 Be6 7. e4 Qd7 8. b3
Nxe4 9. Nxe4 d5 10. cxd5 Bb4 11. Nc3 Bxd5 12. f3 O-O-O 13. Bb2 Qe7+ 14. Be2
Bxf3 15. Nxf3 Rxd2 16. Kxd2 Rd8+ 0-1

[Event "I Festival de Ajedrez "Villa de Javea""]
[Site "Javea"]
[Date "1992.03.13"]
[Round "3.2"]
[White "Vassallo Barroche, Mauricio"]
[Black "Franco Ocampos, Zenon"]
[Result "1/2-1/2"]
[WhiteElo "2290"]
[BlackElo "2520"]
[PlyCount "44"]
[EventDate "1992.03.??"]
[EventType "tourn"]
[EventRounds "11"]
[EventCountry "ESP"]
[EventCategory "4"]
[SourceDate "2001.01.01"]

1. d4 Nf6 2. Nf3 c5 3. d5 g6 4. Nc3 Bg7 5. e4 O-O 6. Be2 d6 7. O-O Na6 8. h3
Nc7 9. a4 a6 10. Bf4 b6 11. Re1 Bb7 12. Bc4 Qd7 13. Qd3 Rad8 14. Rad1 Nh5 15.
Bg5 h6 16. Bc1 e6 17. e5 exd5 18. Bxd5 Nxd5 19. Nxd5 dxe5 20. Nxb6 Qc7 21. Qb3
e4 22. Nh2 Be5 1/2-1/2

[Event "I Festival de Ajedrez "Villa de Javea""]
[Site "Javea"]
[Date "1992.03.13"]
[Round "3.4"]
[White "Garcia Trobat, Francisco"]
[Black "Caruana Font de Mora, Rafael"]
[Result "1-0"]
[WhiteElo "2305"]
[BlackElo "2345"]
[PlyCount "82"]
[EventDate "1992.03.??"]
[EventType "tourn"]
[EventRounds "11"]
[EventCountry "ESP"]
[EventCategory "4"]
[SourceDate "2001.01.01"]

1. c4 Nf6 2. Nc3 g6 3. e4 d6 4. d4 Bg7 5. Nf3 O-O 6. Be2 e5 7. O-O Nc6 8. d5
Ne7 9. Ne1 Nd7 10. Nd3 f5 11. Bd2 Nf6 12. f3 f4 13. c5 g5 14. Rc1 Ng6 15. cxd6
cxd6 16. Nf2 h5 17. h3 Rf7 18. Qb3 Bh6 19. Rc2 Nh4 20. Rfc1 g4 21. fxg4 hxg4
22. hxg4 Rg7 23. Ncd1 Bxg4 24. Nxg4 Nxg4 25. Qh3 f3 26. Bxf3 Bxd2 27. Rxd2
Nxf3+ 28. Qxf3 Qb6+ 29. Nf2 Rf8 30. Qb3 Qd8 31. Nxg4 Rxg4 32. Rf2 Rxf2 33. Kxf2
Rf4+ 34. Kg1 Rf7 35. Qe3 a6 36. a4 Rc7 37. Rf1 Rg7 38. b4 Qd7 39. a5 Qb5 40.
Rc1 Qe8 41. Qh3 Qd7 1-0

[Event "I Festival de Ajedrez "Villa de Javea""]
[Site "Javea"]
[Date "1992.03.13"]
[Round "3.5"]
[White "Anguix Garrido, Juan Francisco"]
[Black "Hoffman, Alejandro"]
[Result "1-0"]
[WhiteElo "2300"]
[BlackElo "2445"]
[PlyCount "91"]
[EventDate "1992.03.??"]
[EventType "tourn"]
[EventRounds "11"]
[EventCountry "ESP"]
[EventCategory "4"]

1. d4 d5 2. c4 e6 3. Nc3 Nf6 4. Nf3 Nbd7 5. Bg5 Be7 6. Qc2 O-O 7. e3 a6 8.
O-O-O Re8 9. h4 c6 10. Kb1 dxc4 11. Bxc4 Nd5 12. e4 Nxc3+ 13. Qxc3 b5 14. Bb3
Bb7 15. d5 exd5 16. exd5 c5 17. Bc2 Bf6 18. Qd3 g6 19. Qd2 h5 20. Qf4 Bxg5 21.
Nxg5 Qf6 22. Qc7 Nb6 23. Qxb7 Nc4 24. Qxf7+ Qxf7 25. Nxf7 Kxf7 26. Rh3 Rad8 27.
Bd3 Nb6 28. Rg3 Rd6 29. Rg5 c4 30. Bc2 Re2 31. f4 Rf2 32. g3 Na4 33. f5 gxf5
34. Rxh5 Kg6 35. g4 Rg2 36. Bxf5+ Kg7 37. Rg5+ Kf8 38. Bc2 c3 39. Rf1+ Ke8 40.
Rg8+ Ke7 41. Rg7+ Ke8 42. b3 Nc5 43. g5 Rh2 44. Rh7 b4 45. g6 Rxc2 46. Rh8+ 1-0

[Event "I Festival de Ajedrez "Villa de Javea""]
[Site "Javea"]
[Date "1992.03.13"]
[Round "3.6"]
[White "Garcia Fernandez, Carlos"]
[Black "Sanchez Guirado, Francisco Javier"]
[Result "1/2-1/2"]
[WhiteElo "2390"]
[BlackElo "2340"]
[PlyCount "22"]
[EventDate "1992.03.??"]
[EventType "tourn"]
[EventRounds "11"]
[EventCountry "ESP"]
[EventCategory "4"]

1. e4 g6 2. d4 Bg7 3. Nc3 d6 4. h4 Nf6 5. Be2 c5 6. dxc5 Qa5 7. Bd2 Qxc5 8. h5
gxh5 9. Nh3 Be6 10. Nf4 Nbd7 11. Nxh5 Nxh5 1/2-1/2

[Event "I Festival de Ajedrez "Villa de Javea""]
[Site "Javea"]
[Date "1992.03.14"]
[Round "4.1"]
[White "Bevia Martinez, Luis"]
[Black "Sanchez Guirado, Francisco Javier"]
[Result "1-0"]
[WhiteElo "2255"]
[BlackElo "2340"]
[PlyCount "47"]
[EventDate "1992.03.??"]
[EventType "tourn"]
[EventRounds "11"]
[EventCountry "ESP"]
[EventCategory "4"]

1. e4 c6 2. d4 d5 3. e5 Bf5 4. Nc3 e6 5. g4 Bg6 6. Nge2 c5 7. h4 h6 8. Be3 Qb6
9. f4 Nc6 10. f5 Bh7 11. Qd2 O-O-O 12. dxc5 Qb4 13. Nd4 Nxe5 14. O-O-O Nxg4 15.
fxe6 N8f6 16. a3 Qxc5 17. Bh3 fxe6 18. Rhe1 Qa5 19. Bf4 Bf5 20. Rxe6 Bxe6 21.
Nxe6 Bd6 22. Nxd8 Rxd8 23. Bxd6 Rxd6 24. Qf4 1-0

[Event "I Festival de Ajedrez "Villa de Javea""]
[Site "Javea"]
[Date "1992.03.14"]
[Round "4.2"]
[White "Hoffman, Alejandro"]
[Black "Garcia Fernandez, Carlos"]
[Result "1/2-1/2"]
[WhiteElo "2445"]
[BlackElo "2390"]
[PlyCount "98"]
[EventDate "1992.03.??"]
[EventType "tourn"]
[EventRounds "11"]
[EventCountry "ESP"]
[EventCategory "4"]

1. Nf3 Nf6 2. g3 c5 3. Bg2 g6 4. O-O Bg7 5. d3 d5 6. Nbd2 Nc6 7. c3 O-O 8. e4
dxe4 9. dxe4 b6 10. Qa4 Bd7 11. Qc2 Qc8 12. Re1 Bh3 13. Bh1 h6 14. e5 Nd7 15.
e6 Bxe6 16. Rxe6 fxe6 17. Qxg6 Nde5 18. Qe4 Qd7 19. Ne1 Rac8 20. Qe2 c4 21. Be4
Rfd8 22. f4 Nd3 23. Nxd3 cxd3 24. Qg4 Qd6 25. Nf3 e5 26. fxe5 Nxe5 27. Nxe5
Qxe5 28. Bd2 Rc4 29. Re1 Qc5+ 30. Kg2 Rd6 31. Re3 h5 32. Qf3 Rf6 33. Bd5+ Kf8
34. Bxc4 Rxf3 35. Rxf3+ Bf6 36. Bxd3 Kg7 37. h4 b5 38. Kf1 Qd5 39. Ke2 Qxa2 40.
Rf5 e6 41. Rxh5 Qxb2 42. Rc5 Qa3 43. Rc6 Qa2 44. h5 Qd5 45. h6+ Kf7 46. Ra6
Qh5+ 47. Ke1 Qh1+ 48. Ke2 Qh5+ 49. Ke1 Qh1+ 1/2-1/2

[Event "I Festival de Ajedrez "Villa de Javea""]
[Site "Javea"]
[Date "1992.03.14"]
[Round "4.3"]
[White "Caruana Font de Mora, Rafael"]
[Black "Anguix Garrido, Juan Francisco"]
[Result "0-1"]
[WhiteElo "2345"]
[BlackElo "2300"]
[PlyCount "94"]
[EventDate "1992.03.??"]
[EventType "tourn"]
[EventRounds "11"]
[EventCountry "ESP"]
[EventCategory "4"]

1. g3 e5 2. Bg2 Nc6 3. c4 g6 4. b3 Bg7 5. Bb2 d6 6. e3 h5 7. h3 h4 8. g4 f5 9.
f4 Nf6 10. Bxc6+ bxc6 11. g5 Ne4 12. d3 Nc5 13. Rh2 a5 14. d4 exd4 15. Bxd4 Qe7
16. Bxg7 Qxg7 17. Qd4 Qxd4 18. exd4 Nd3+ 19. Kd2 Nxf4 20. Nf3 Kf7 21. Nc3 Bd7
22. Ke3 Ne6 23. d5 Nc5 24. Kd4 Rae8 25. Re2 Rxe2 26. Nxe2 Ne4 27. Nf4 c5+ 28.
Kd3 c6 29. Rg1 cxd5 30. cxd5 Bc8 31. Rc1 Bb7 32. Rg1 Ng3 33. Re1 Nh5 34. Nxh5
Rxh5 35. Kc4 Ba6+ 36. Kc3 Bc8 37. a3 Rh8 38. b4 Bb7 39. bxc5 Bxd5 40. Nd4 Rc8
41. a4 Rxc5+ 42. Kb2 Be4 43. Nb5 Ke6 44. Rd1 d5 45. Nd4+ Ke5 46. Nb3 Rc2+ 47.
Ka3 Rc3 0-1

[Event "I Festival de Ajedrez "Villa de Javea""]
[Site "Javea"]
[Date "1992.03.14"]
[Round "4.5"]
[White "Franco Ocampos, Zenon"]
[Black "Eslon, Jaan"]
[Result "0-1"]
[WhiteElo "2520"]
[BlackElo "2420"]
[PlyCount "90"]
[EventDate "1992.03.??"]
[EventType "tourn"]
[EventRounds "11"]
[EventCountry "ESP"]
[EventCategory "4"]

1. d4 d5 2. c4 c6 3. Nf3 Nf6 4. Qc2 g6 5. Bf4 dxc4 6. Qxc4 Bg7 7. Nc3 O-O 8. e4
b5 9. Qb3 Qa5 10. Bd3 b4 11. Nb1 c5 12. d5 e6 13. O-O exd5 14. exd5 Bb7 15. Bc4
Qd8 16. Rd1 Nbd7 17. Nbd2 Nb6 18. d6 a5 19. a4 Nh5 20. Be5 Bxe5 21. Nxe5 Qf6
22. Ndf3 Bxf3 23. Nxf3 Qd8 24. Nd2 Qxd6 25. Ne4 Qf4 26. f3 Kg7 27. Bb5 Qe5 28.
Qc2 c4 29. Qf2 Qc7 30. Qc5 Qxc5+ 31. Nxc5 Rab8 32. Ba6 Nf6 33. Rd6 Rfd8 34. Rc6
Rd2 35. Nb7 Nfd5 36. Nxa5 Ne3 37. Bxc4 Rxg2+ 38. Kh1 Rxb2 39. Bb3 Ra8 40. Re1
Ng2 41. Re4 Rxa5 42. Rxb6 f5 43. Re7+ Kh6 44. Rbb7 Rc5 45. Rxh7+ Kg5 0-1

[Event "I Festival de Ajedrez "Villa de Javea""]
[Site "Javea"]
[Date "1992.03.15"]
[Round "5.1"]
[White "Vassallo Barroche, Mauricio"]
[Black "Bevia Martinez, Luis"]
[Result "1-0"]
[WhiteElo "2290"]
[BlackElo "2255"]
[PlyCount "49"]
[EventDate "1992.03.??"]
[EventType "tourn"]
[EventRounds "11"]
[EventCountry "ESP"]
[EventCategory "4"]

1. Nf3 Nf6 2. d4 e6 3. Bg5 h6 4. Bxf6 Qxf6 5. e4 d6 6. Nc3 g6 7. Qd2 h5 8. e5
Qe7 9. Ne4 Bg7 10. c3 a6 11. Qf4 d5 12. Nf6+ Bxf6 13. exf6 Qd8 14. g4 hxg4 15.
Ne5 Nd7 16. Nxg4 c5 17. Bd3 cxd4 18. cxd4 Nb6 19. b3 Bd7 20. Ne5 Bc6 21. Bxg6
fxg6 22. Qg5 Qc7 23. Qxg6+ Kf8 24. Rg1 Qh7 25. Qg7+ 1-0

[Event "I Festival de Ajedrez "Villa de Javea""]
[Site "Javea"]
[Date "1992.03.15"]
[Round "5.3"]
[White "Garcia Trobat, Francisco"]
[Black "Franco Ocampos, Zenon"]
[Result "1/2-1/2"]
[WhiteElo "2305"]
[BlackElo "2520"]
[PlyCount "102"]
[EventDate "1992.03.??"]
[EventType "tourn"]
[EventRounds "11"]
[EventCountry "ESP"]
[EventCategory "4"]
[SourceDate "2001.01.01"]

1. d4 Nf6 2. c4 e6 3. Nf3 c5 4. d5 d6 5. Nc3 exd5 6. cxd5 g6 7. h3 a6 8. a4 Qe7
9. Bg5 Bg7 10. e3 h6 11. Bh4 Nbd7 12. Be2 O-O 13. Nd2 g5 14. Bg3 Ne5 15. Qc2
Nh7 16. O-O f5 17. Bxe5 Bxe5 18. Nc4 Bd7 19. Nb6 Rad8 20. Bd3 f4 21. Nxd7 Qxd7
22. a5 Kh8 23. Na4 Nf6 24. Bf5 Qg7 25. Nb6 g4 26. exf4 Bxf4 27. Ra3 g3 28. Rf3
gxf2+ 29. Qxf2 Be5 30. Qh4 Qg5 31. Qxg5 hxg5 32. Nc4 Bd4+ 33. Kh1 Nxd5 34. Be4
Rxf3 35. Rxf3 Nb4 36. Bxb7 d5 37. Nb6 Bxb2 38. Rf5 d4 39. Nc4 Bc1 40. Rxc5 d3
41. Rc8 Rxc8 42. Bxc8 d2 43. Ne3 Bb2 44. Nd1 Bd4 45. g3 Be5 46. Kg2 Bc7 47. Kf3
Bxa5 48. Ke2 Bc7 49. h4 Bxg3 50. hxg5 Bf4 51. Nf2 Bxg5 1/2-1/2

[Event "I Festival de Ajedrez "Villa de Javea""]
[Site "Javea"]
[Date "1992.03.15"]
[Round "5.5"]
[White "Garcia Fernandez, Carlos"]
[Black "Caruana Font de Mora, Rafael"]
[Result "1-0"]
[WhiteElo "2390"]
[BlackElo "2345"]
[PlyCount "43"]
[EventDate "1992.03.??"]
[EventType "tourn"]
[EventRounds "11"]
[EventCountry "ESP"]
[EventCategory "4"]

1. e4 c5 2. c3 b6 3. d4 Bb7 4. Bd3 Nf6 5. Qe2 cxd4 6. cxd4 Nc6 7. Nf3 Nb4 8.
Nc3 Nxd3+ 9. Qxd3 e6 10. O-O Bb4 11. Re1 O-O 12. Nd2 d5 13. e5 Ne4 14. f3 Nxc3
15. bxc3 Be7 16. f4 g6 17. Nf3 Qc7 18. Ng5 h6 19. Nxe6 fxe6 20. Qxg6+ Kh8 21.
Qxh6+ Kg8 22. Re3 1-0

[Event "I Festival de Ajedrez "Villa de Javea""]
[Site "Javea"]
[Date "1992.03.15"]
[Round "5.6"]
[White "Sanchez Guirado, Francisco Javier"]
[Black "Hoffman, Alejandro"]
[Result "1/2-1/2"]
[WhiteElo "2340"]
[BlackElo "2445"]
[PlyCount "48"]
[EventDate "1992.03.??"]
[EventType "tourn"]
[EventRounds "11"]
[EventCountry "ESP"]
[EventCategory "4"]

1. Nf3 Nf6 2. c4 c6 3. d4 d6 4. g3 Nbd7 5. Bg2 e5 6. Nc3 Be7 7. O-O O-O 8. e4
Qc7 9. h3 a6 10. Be3 Re8 11. Qc2 b5 12. cxb5 cxb5 13. Rac1 Qb8 14. Nd5 Nxd5 15.
exd5 Nf6 16. dxe5 Nxd5 17. Ng5 Bxg5 18. Bxd5 Bxe3 19. fxe3 Ra7 20. exd6 Bxh3
21. Rxf7 Rxf7 22. Bxf7+ Kxf7 23. Qxh7 Qxd6 24. Qxh3 Qe5 1/2-1/2

[Event "I Festival de Ajedrez "Villa de Javea""]
[Site "Javea"]
[Date "1992.03.16"]
[Round "6.1"]
[White "Bevia Martinez, Luis"]
[Black "Hoffman, Alejandro"]
[Result "0-1"]
[WhiteElo "2255"]
[BlackElo "2445"]
[PlyCount "76"]
[EventDate "1992.03.??"]
[EventType "tourn"]
[EventRounds "11"]
[EventCountry "ESP"]
[EventCategory "4"]

1. e4 e6 2. d4 d5 3. Nc3 Nf6 4. e5 Nfd7 5. f4 c5 6. Nf3 Nc6 7. Be3 cxd4 8. Nxd4
Bc5 9. Qd2 O-O 10. O-O-O a6 11. h4 Bxd4 12. Bxd4 b5 13. Kb1 b4 14. Ne2 a5 15.
g4 Ba6 16. Nc1 Bxf1 17. Rdxf1 Qc7 18. Rf2 Nxd4 19. Qxd4 f6 20. exf6 Nxf6 21. f5
e5 22. Qd1 d4 23. h5 Ne4 24. Rfh2 h6 25. Nd3 Ng5 26. Ne1 Qb7 27. Rf1 a4 28. Nf3
Ne4 29. Qd3 Nc3+ 30. Ka1 Qd5 31. bxc3 bxc3 32. Rb1 Rab8 33. Rhh1 Rfd8 34. Rxb8
Rxb8 35. Rb1 Rxb1+ 36. Kxb1 e4 37. Qxd4 Qb5+ 38. Kc1 exf3 0-1

[Event "I Festival de Ajedrez "Villa de Javea""]
[Site "Javea"]
[Date "1992.03.16"]
[Round "6.2"]
[White "Caruana Font de Mora, Rafael"]
[Black "Sanchez Guirado, Francisco Javier"]
[Result "0-1"]
[WhiteElo "2345"]
[BlackElo "2340"]
[PlyCount "70"]
[EventDate "1992.03.??"]
[EventType "tourn"]
[EventRounds "11"]
[EventCountry "ESP"]
[EventCategory "4"]

1. Nf3 g6 2. g3 Bg7 3. Bg2 e5 4. O-O Ne7 5. c4 O-O 6. Nc3 Nbc6 7. d3 d6 8. Rb1
f5 9. Bd2 Nd4 10. Nxd4 exd4 11. Nd5 Nc6 12. Qc1 Ne5 13. h4 Rf7 14. Nf4 c6 15.
Bf3 Nxf3+ 16. exf3 b6 17. Re1 Be5 18. h5 g5 19. Ng2 f4 20. g4 c5 21. Re2 Bb7
22. Ne1 Qd7 23. Kh2 Re8 24. b3 Bxf3 25. Nxf3 Qxg4 26. Rxe5 dxe5 27. Qh1 Rg7 28.
Re1 Qf5 29. Re4 g4 30. Nh4 Qxh5 31. Kg2 Rf8 32. Qh2 Rf6 33. Re1 g3 34. Qh3 Rg4
35. Nf3 gxf2+ 0-1

[Event "I Festival de Ajedrez "Villa de Javea""]
[Site "Javea"]
[Date "1992.03.16"]
[Round "6.4"]
[White "Franco Ocampos, Zenon"]
[Black "Anguix Garrido, Juan Francisco"]
[Result "1-0"]
[WhiteElo "2520"]
[BlackElo "2300"]
[PlyCount "85"]
[EventDate "1992.03.??"]
[EventType "tourn"]
[EventRounds "11"]
[EventCountry "ESP"]
[EventCategory "4"]
[SourceDate "2001.01.01"]

1. c4 e5 2. Nc3 Bb4 3. e3 Bxc3 4. bxc3 Nf6 5. Ne2 O-O 6. Ng3 Re8 7. Be2 d6 8.
O-O Nc6 9. e4 Ne7 10. d3 Ng6 11. f4 exf4 12. Bxf4 Nxf4 13. Rxf4 Qe7 14. Qd2 Rf8
15. Raf1 Ne8 16. Bg4 g6 17. h4 Ng7 18. h5 Be6 19. h6 Ne8 20. Qf2 b6 21. Qf3 Rb8
22. Bxe6 Qxe6 23. Ne2 c5 24. Qf2 Rb7 25. Rf3 Qe5 26. Qe3 Re7 27. Qd2 Nc7 28.
Rf5 gxf5 29. Rxf5 Ne6 30. Rxe5 dxe5 31. Ng3 f6 32. Nf5 Rd7 33. Ne3 Nf4 34. Nd5
Nxd5 35. cxd5 Kf7 36. Qf2 Ke7 37. Qf5 Kd8 38. Qe6 Rff7 39. Kf2 Kc8 40. Kf3 Kb7
41. Kg4 Ka6 42. Kf5 Rde7 43. Qc8+ 1-0

[Event "I Festival de Ajedrez "Villa de Javea""]
[Site "Javea"]
[Date "1992.03.16"]
[Round "6.6"]
[White "Vassallo Barroche, Mauricio"]
[Black "Eslon, Jaan"]
[Result "1/2-1/2"]
[WhiteElo "2290"]
[BlackElo "2420"]
[PlyCount "21"]
[EventDate "1992.03.??"]
[EventType "tourn"]
[EventRounds "11"]
[EventCountry "ESP"]
[EventCategory "4"]

1. d4 d5 2. c4 c6 3. cxd5 cxd5 4. Nc3 Nf6 5. Bf4 Nc6 6. e3 a6 7. Bd3 Bg4 8.
Nge2 Bxe2 9. Qxe2 e6 10. O-O Bd6 11. Bxd6 1/2-1/2

[Event "I Festival de Ajedrez "Villa de Javea""]
[Site "Javea"]
[Date "1992.03.17"]
[Round "7.2"]
[White "Garcia Trobat, Francisco"]
[Black "Vassallo Barroche, Mauricio"]
[Result "1/2-1/2"]
[WhiteElo "2305"]
[BlackElo "2290"]
[PlyCount "29"]
[EventDate "1992.03.??"]
[EventType "tourn"]
[EventRounds "11"]
[EventCountry "ESP"]
[EventCategory "4"]
[SourceDate "2001.01.01"]

1. e4 d5 2. exd5 Nf6 3. d4 Nxd5 4. c4 Nb6 5. Nf3 g6 6. h3 Bg7 7. Nc3 O-O 8. Be3
Nc6 9. Qd2 e5 10. d5 Na5 11. b3 e4 12. Nd4 f5 13. Rd1 c5 14. Ndb5 a6 15. Bxc5
1/2-1/2

[Event "I Festival de Ajedrez "Villa de Javea""]
[Site "Javea"]
[Date "1992.03.17"]
[Round "7.6"]
[White "Hoffman, Alejandro"]
[Black "Caruana Font de Mora, Rafael"]
[Result "1/2-1/2"]
[WhiteElo "2445"]
[BlackElo "2345"]
[PlyCount "79"]
[EventDate "1992.03.??"]
[EventType "tourn"]
[EventRounds "11"]
[EventCountry "ESP"]
[EventCategory "4"]
[SourceDate "2001.01.01"]

1. d4 e6 2. Nf3 f5 3. g3 Nf6 4. Bg2 d5 5. O-O Bd6 6. c4 c6 7. b3 Qe7 8. Qc2 O-O
9. Ne5 b6 10. cxd5 cxd5 11. Nc4 Qc7 12. Nba3 Ba6 13. Nxd6 Qxd6 14. Qb2 Nc6 15.
Bf4 Qe7 16. Rfd1 Rac8 17. f3 Rfd8 18. Nb1 Nh5 19. Be3 e5 20. dxe5 d4 21. Bf2
Qxe5 22. f4 Qxe2 23. Nd2 Qe7 24. Rac1 Qd7 25. Nc4 Nf6 26. Ne5 Nxe5 27. fxe5 Ne4
28. Rxd4 Qe7 29. Rxc8 Bxc8 30. Be3 Be6 31. g4 Rxd4 32. Qxd4 Qd7 33. gxf5 Qxd4
34. Bxd4 Bxf5 35. a4 Kf8 36. b4 Ke7 37. a5 bxa5 38. b5 Ke6 39. Bxa7 Kxe5 40.
Be3 1/2-1/2

[Event "I Festival de Ajedrez "Villa de Javea""]
[Site "Javea"]
[Date "1992.03.18"]
[Round "8.1"]
[White "Bevia Martinez, Luis"]
[Black "Caruana Font de Mora, Rafael"]
[Result "1-0"]
[WhiteElo "2255"]
[BlackElo "2345"]
[PlyCount "63"]
[EventDate "1992.03.??"]
[EventType "tourn"]
[EventRounds "11"]
[EventCountry "ESP"]
[EventCategory "4"]

1. e4 e5 2. Nf3 Nc6 3. Bb5 a6 4. Ba4 Nf6 5. O-O Be7 6. Re1 b5 7. Bb3 O-O 8. c3
d5 9. exd5 Nxd5 10. Nxe5 Nxe5 11. Rxe5 c6 12. g3 Bd6 13. Re1 Qd7 14. d4 Qh3 15.
a4 Bg4 16. Qd3 Rae8 17. Be3 Re6 18. Qf1 Qh5 19. Nd2 f5 20. f4 bxa4 21. Bxd5
cxd5 22. Bf2 Bh3 23. Qxa6 Rh6 24. Qb7 Bg2 25. Kxg2 Qh3+ 26. Kg1 Qxh2+ 27. Kf1
Bxf4 28. Qxd5+ Kh8 29. gxf4 Qxf4 30. Nf3 Rh1+ 31. Ng1 h5 32. Qxh1 1-0